• 首页
  • 本馆介绍
  • 公告通知
  • 最新文献
  • 馆藏检索
  • 电子资源
  • 读者导购
  • 参考咨询
  • 我的图书馆
  • 登录
  • 详细信息显示
  • 放入我的书架
  • 预约/预借图书
  • 作者相关作品
  • 分类相关作品
  • 丛书相关作品
  • 出版社相关作品

书目信息

  • 表格格式
  • 工作单格式
  • 卡片格式
题名:
不犯困的生活
    
 
作者: 李思博 编著
分册:  
出版信息: 北京   蓝天出版社  2010
页数: 222页
开本: 24cm
丛书名:
单 册:
中图分类: R163
科图分类:
主题词: 疲劳(生理)--消除--基本知识 , 疲劳(生理) , 消除
电子资源:
ISBN: 978-7-5094-0350-1
000 00858nam0 2200253 45
001 1129255437
005 20110420091244.36
010    @a978-7-5094-0350-1@dCNY26.00
100    @a20110416d2010 em y0chiy0110 ea
101 0  @achi
102    @aCN@b110000
105    @ay z 000yy
106    @ar
200 1  @a不犯困的生活@ABu Fan Kun De Sheng Huo@e让你每天精力充沛的好习惯@ERang Ni Mei Tian Jing Li Chong Pei De Hao Xi Guan@f李思博编著@FLi Si Bo Bian Zhu
210    @a北京@c蓝天出版社@d2010
215    @a222页@d24cm
330    @a本书内容包括:高利息的按揭——慢性疲劳、职场犯困提神有妙招、只有睡够了才不会困、驱赶困意的食物与有氧运动等。
606 0  @a疲劳(生理)@x消除@x基本知识
606 0  @a疲劳(生理)
606 0  @a消除
690    @aR163@v4
701  0 @a李思博@ALi Si Bo@4编著
801  0 @aCN@bTANGWEI@c20110420
905    @b0537728-32@dR163@e201@f5
    
    不犯困的生活:让你每天精力充沛的好习惯/李思博编著.-北京:蓝天出版社,2010
    222页;24cm
    
    
    ISBN 978-7-5094-0350-1:CNY26.00
    本书内容包括:高利息的按揭——慢性疲劳、职场犯困提神有妙招、只有睡够了才不会困、驱赶困意的食物与有氧运动等。
●
相关链接 在E读中查询图书 在五车中查询图书 在当当中查询图书 在豆瓣中查询图书


正题名:不犯困的生活     索取号:R163/201         预约/预借

序号 登录号 条形码 馆藏地/架位号 状态 备注
1 0537728   205377288   第二样本阅览室/ [索取号:R163/201] 在馆    
2 0537729   205377297   第三借阅区/ [索取号:R163/201] 在馆    
3 0537730   205377304   第三借阅区/ [索取号:R163/201] 在馆    
4 0537731   205377313   教育系资料室/ [索取号:R163/201] 在馆    
5 0537732   205377322   第三借阅区/ [索取号:R163/201] 在馆    
唐山师范学院图书馆 欢迎您!
大连网信软件有限公司© 版权所有